U.S. States - Sudden Death - Statistics

General Stats
  • This quiz has been taken 144 times
    92 since last reset
  • The average score is 20 of 25
Answers on the Grid
Answers color-coded by a green-red scale on the quiz's grid according to % correct below.
Alabama
Alaska
Arizona
Arkansas
Baja California
Canada
Cirial
Cuba
Dakota
Delaware
Dominica
East Carolina
East Virginia
Greenland
Gulf of America
Hawai'i
Indiana
Iowa
Main
Maine
Massachusetts
Mau'i
Middlezouri
Minnesota
Mississippi
Missouri
Nebraska
New Hampshire
New Mexico
New York
North Carolina
Ohio
Ohiorizz
Old York
Panama
Puerto Rico
Quebec
Rhode Island
Sacramento
South Carolina
Syria
Texas
Vega
Vegas
Vermont
Washington
West Carolina
West Dakota
Woming
Wyoming
 
Answer Stats
Answer % Correct
Alabama
98%
Alaska
97%
Arizona
97%
Arkansas
92%
Delaware
84%
Mississippi
84%
New Hampshire
84%
Indiana
82%
Nebraska
82%
New York
82%
North Carolina
82%
Iowa
80%
Massachusetts
80%
Missouri
80%
Ohio
80%
New Mexico
79%
Maine
77%
Minnesota
77%
Vermont
77%
Washington
77%
Wyoming
77%
Hawai'i
75%
South Carolina
75%
Texas
75%
Rhode Island
74%
No matching quizzes found
Score Distribution
Percent of People with Each Score
Percentile by Number Answered
Your Score History
You have not taken this quiz since the last reset